[Event "YUG-ch52"]
[Site "?"]
[Date "1997.??.??"]
[Round "7"]
[White "Kosic Dragan"]
[Black "Blagojevic Dragisa"]
[Result "1/2-1/2"]
[WhiteElo "2515"]
[BlackElo "2485"]
[PlyCount "82"]
[EventDate "1997.??.??"]
[Source "www.chesslib.no"]
[SourceDate "2004.05.04"]

1. d4 d5 2. Bf4 c5 3. e3 Nc6 4. Nc3 cxd4 5. exd4 Bf5 6. Nf3 e6 7. Ne5 Nxe5 8. Bxe5 f6 9. g4 Bg6 10. Bb5+ Kf7 11. Bg3 Bb4 12. O-O a6 13. Bd3 Bxd3 14. Qxd3 Bxc3 15. Qxc3 Ne7 16. Rae1 Qb6 17. Re2 Rae8 18. Qe3 h5 19. h3 hxg4 20. hxg4 Nc8 21. c3 Nd6 22. f3 Nc4 23. Qf2 Qc6 24. Rfe1 Nb6 25. Kg2 Qc4 26. a3 Qd3 27. Re3 Qb5 28. Qc2 Nc4 29. R3e2 Na5 30. Qd2 Qc6 31. Qf4 Nc4 32. Qc1 Qa4 33. Qb1 Qb3 34. Qd3 Qb5 35. Qc2 Na5 36. Bf4 Qb3 37. Qd3 Qc4 38. Qe3 Qc6 39. Bg3 Nc4 40. Qd3 Qb5 41. Qc2 Na5 1/2-1/2

[Event "YUG-ch"]
[Site "?"]
[Date "1978.01.21"]
[Round "2"]
[White "Kovacevic Vlatko"]
[Black "Nikolac Juraj"]
[Result "1/2-1/2"]
[WhiteElo "2505"]
[BlackElo "2495"]
[PlyCount "86"]
[EventDate "1978.??.??"]
[Source "www.chesslib.no"]
[SourceDate "2004.05.04"]

1. d4 d5 2. Bf4 Nf6 3. e3 Bf5 4. c4 e6 5. Nc3 Nbd7 6. Qb3 dxc4 7. Bxc4 Nb6 8. Be2 Be7 9. Nf3 O-O 10. O-O Nfd5 11. Bg3 a5 12. a4 Nb4 13. e4 Bg4 14. Rfd1 Bd6 15. Ne5 Bxe2 16. Nxe2 Qe8 17. Nd3 Bxg3 18. hxg3 Nxd3 19. Rxd3 Qc6 20. f3 Rfd8 21. Rc3 Qd7 22. g4 Ra6 23. Kf2 c6 24. Rh1 Qe7 25. Qc2 Nd7 26. f4 c5 27. e5 h6 28. dxc5 Rc6 29. Nd4 Rxc5 30. g5 Rxc3 31. bxc3 Qc5 32. Qd3 Nb6 33. gxh6 g6 34. h7+ Kh8 35. Qb5 Qxc3 36. Ne2 Qb4 37. Rb1 Qxb5 38. Rxb5 Nxa4 39. Rxa5 Nb2 40. Rb5 Nd3+ 41. Ke3 Rd7 42. g3 Kxh7 43. Nd4 Nf2 1/2-1/2

[Event "21st open"]
[Site "Metz"]
[Date "2003.04.24"]
[Round "6.4"]
[White "Bagheri, Amir"]
[Black "Savchenko, Stanislav"]
[Result "1-0"]
[WhiteElo "2439"]
[BlackElo "2559"]
[PlyCount "67"]
[EventDate "2003.04.19"]
[Source "Roberto Alvarez"]
[SourceDate "2003.04.28"]

1. d4 d5 2. Bf4 Nf6 3. e3 Bg4 4. Ne2 g6 5. h3 Bc8 6. c4 Bg7 7. Nec3 c6 8. Nd2 O-O 9. Be2 Nbd7 10. O-O Nb6 11. c5 Nbd7 12. b4 Ne8 13. Nf3 Nc7 14. Qc2 Re8 15. Rfd1 e5 16. Bh2 exd4 17. exd4 a6 18. a4 Ne6 19. Qd2 h6 20. Re1 Ng5 21. Nxg5 hxg5 22. a5 Nf8 23. Na4 Ne6 24. Nb6 Nxd4 25. Bf1 Bxh3 26. Rxe8+ Qxe8 27. Re1 Be6 28. Nxa8 Qxa8 29. Qxg5 Nc2 30. Rxe6 fxe6 31. Qxg6 Nxb4 32. Qxe6+ Kh8 33. Qh3+ Kg8 34. Qb3 1-0

[Event "San Martin"]
[Site "San Martin"]
[Date "1993.??.??"]
[Round "3"]
[White "Soppe, Guillermo"]
[Black "Spangenberg, Hugo"]
[Result "1/2-1/2"]
[WhiteElo "2460"]
[BlackElo "2535"]
[PlyCount "133"]
[EventDate "1993.05.??"]
[Source "ChessBase"]

1. d4 d5 2. Bf4 Nf6 3. e3 c5 4. Nc3 Qa5 5. Bxb8 Rxb8 6. Bb5+ Bd7 7. Bxd7+ Nxd7 8. Nf3 e6 9. O-O Be7 10. e4 cxd4 11. Nxd4 dxe4 12. Nxe4 Nf6 13. Nb3 Qc7 14. Nxf6+ Bxf6 15. c3 O-O 16. Qg4 g6 17. Rad1 b5 18. Rd2 Qc4 19. Qf3 Bg7 20. Qe3 Rbc8 21. Ra1 Rc7 22. Qg3 e5 23. Rad1 Qa4 24. Nc1 Bh6 25. b3 Qa3 26. Rc2 Qe7 27. Qd3 Qc5 28. Qd6 Rfc8 29. Qxc5 Rxc5 30. Ne2 R8c7 31. g3 f5 32. Kg2 Kf7 33. h4 Ke7 34. a3 R7c6 35. b4 Rc4 36. Rd5 a6 37. Rxe5+ Re6 38. Rxe6+ Kxe6 39. Ra2 Kd5 40. a4 Rc7 41. axb5 axb5 42. Ra6 Kc4 43. Rb6 Bg7 44. Kf3 Be5 45. Ke3 Bg7 46. Kd2 Rd7+ 47. Kc2 Ra7 48. Kb2 Rc7 49. Rd6 Be5 50. Rd8 Bf6 51. Rd6 Be5 52. Re6 Bg7 53. Re8 Bf6 54. Kc2 Bg7 55. f3 Bf6 56. Re6 Bg7 57. g4 fxg4 58. fxg4 Rf7 59. Rc6+ Kd5 60. Rc5+ Ke4 61. g5 Rf2 62. Kd1 Rh2 63. Rc7 Be5 64. Rxh7 Bxc3 65. h5 gxh5 66. g6 Be5 67. g7 1/2-1/2

[Event "It (Men) Alushta UKR"]
[Site "?"]
[Date "2005.09.26"]
[Round "3"]
[White "Sergeev Vlastimil Stepanovi"]
[Black "Belikov Vladimir"]
[Result "1-0"]
[WhiteElo "2472"]
[BlackElo "2519"]
[PlyCount "117"]
[EventDate "2005.??.??"]
[Source "www.chesslib.no"]
[SourceDate "2004.05.04"]

1. d4 d5 2. Bf4 c6 3. e3 Bf5 4. c4 Bxb1 5. Qxb1 e6 6. Bd3 Bb4+ 7. Ke2 Nf6 8. c5 Nbd7 9. a3 Ba5 10. b4 Bc7 11. Bxc7 Qxc7 12. f4 h6 13. Nf3 Ke7 14. Qc2 g5 15. g3 Rag8 16. Rab1 a6 17. a4 gxf4 18. exf4 Nh5 19. Kf2 Rg4 20. Rbe1 Rhg8 21. Rhg1 Ndf6 22. Ne5 R4g7 23. Qd2 Nd7 24. Qe2 Nhf6 25. h3 Nxe5 26. Qxe5 Qxe5 27. Rxe5 Nd7 28. Re3 h5 29. Rge1 Kf6 30. f5 Re8 31. fxe6 fxe6 32. Rf3+ Ke7 33. Bf5 Nf8 34. h4 Rf7 35. Re5 Rf6 36. Bc2 Rh6 37. Rg5 Nd7 38. Rg7+ Kd8 39. Rff7 Rf6+ 40. Rxf6 Nxf6 41. Rxb7 Kc8 42. Ra7 Kb8 43. Rxa6 Ng4+ 44. Ke2 e5 45. Bg6 Re7 46. Rxc6 exd4+ 47. Kd2 Ne5 48. Rf6 Rg7 49. Bxh5 Rxg3 50. Rf5 Nc4+ 51. Ke1 Ne3 52. Rf8+ Kc7 53. Rf7+ Kc6 54. Re7 Nc2+ 55. Kf2 Rg8 56. Be8+ Rxe8 57. Rxe8 d3 58. h5 d4 59. h6 1-0

[Event "Yugoslavia"]
[Site "Yugoslavia"]
[Date "1983.??.??"]
[Round "?"]
[White "Hulak, Krunoslav"]
[Black "Abramovic, Bosko"]
[Result "1/2-1/2"]
[WhiteElo "2515"]
[BlackElo "2475"]
[PlyCount "21"]
[EventDate "1983.??.??"]
[Source "www.chesslib.no"]
[SourceDate "2004.05.04"]

1. d4 d5 2. Bf4 e6 3. e3 c5 4. c3 Nc6 5. Nd2 Nf6 6. Bd3 Bd6 7. Bxd6 Qxd6 8. f4 Bd7 9. Nh3 Ne7 10. Qf3 Qb6 11. e4 1/2-1/2

[Event "Tch (Men) 2005/2006 SCG"]
[Site "?"]
[Date "2006.05.07"]
[Round "7"]
[White "Sedlak Nikola"]
[Black "Bodiroga Predrag"]
[Result "1/2-1/2"]
[WhiteElo "2564"]
[BlackElo "2423"]
[PlyCount "132"]
[EventDate "2006.??.??"]
[Source "www.chesslib.no"]
[SourceDate "2004.05.04"]

1. d4 d5 2. Bf4 c6 3. e3 Qb6 4. b3 Nf6 5. Bd3 Bg4 6. f3 Bh5 7. Ne2 Bg6 8. c4 e6 9. Nbc3 Nbd7 10. c5 Qd8 11. b4 Nh5 12. O-O Nxf4 13. exf4 Be7 14. a4 O-O 15. Bxg6 hxg6 16. a5 b6 17. axb6 axb6 18. Qd2 Qc7 19. g3 Bf6 20. h4 Ra7 21. Rxa7 Qxa7 22. Rb1 Ra8 23. Rb2 Qa1+ 24. Kg2 b5 25. Rb1 Qa3 26. Nc1 Bd8 27. Rb2 Qa6 28. Nd3 Qb7 29. Rb1 Ra3 30. Ne5 Nf8 31. Qb2 Ra6 32. Rh1 f6 33. Nd3 Bc7 34. Ra1 Nd7 35. Re1 Nf8 36. Kf2 Kf7 37. g4 Qb8 38. Qc1 Ra8 39. Kg2 Qa7 40. Qc2 Qb8 41. Qc1 Qa7 42. g5 Nd7 43. f5 gxf5 44. g6+ Ke7 45. Nf4 Bxf4 46. Qxf4 Qb8 47. Qxf5 Ne5 48. Qh3 Nxg6 49. Qxe6+ Kf8 50. Qxc6 Nxh4+ 51. Kf1 Nxf3 52. Nxd5 Nh2+ 53. Kg2 Ra2+ 54. Kh3 Nf3 55. Nc7 Nxe1 56. Qd6+ Kg8 57. Qd5+ Kh7 58. Qh5+ Kg8 59. Qd5+ Kh7 60. Qxa2 Qxc7 61. Qb1+ Kh6 62. Qxe1 Qd7+ 63. Kh2 Qxd4 64. Qc1+ g5 65. c6 Qh4+ 66. Kg2 Qg4+ 1/2-1/2

[Event "otb"]
[Site "otb"]
[Date "2007.03.06"]
[Round "3"]
[White "Bogosavljevic Boban"]
[Black "Pikula Dejan"]
[Result "1/2-1/2"]
[WhiteElo "2470"]
[BlackElo "2513"]
[PlyCount "142"]
[Source "www.chesslib.no"]
[SourceDate "2004.05.04"]

1. d4 d5 2. Bf4 Nf6 3. e3 c5 4. c3 Nc6 5. Nd2 Bf5 6. Qb3 Qc8 7. dxc5 e6 8. Bd6 Bxd6 9. cxd6 O-O 10. Ngf3 Rd8 11. Qa3 Qb8 12. Nd4 Nxd4 13. cxd4 Rxd6 14. Rc1 Rd7 15. Bb5 Rc7 16. O-O a6 17. Bd3 Bxd3 18. Qxd3 Qd8 19. Nb3 Rac8 20. Rxc7 Rxc7 21. Rc1 Rxc1+ 22. Nxc1 Qa5 23. Kf1 h5 24. Qc2 Ne4 25. Qc8+ Kh7 26. Qc2 g6 27. Ke2 Kg7 28. f3 Nd6 29. Qc5 Qd8 30. Nd3 Nf5 31. Nf4 Qd7 32. b3 Qd8 33. g3 Ne7 34. Nd3 b6 35. Qc3 Qd6 36. Qb4 Qc7 37. Kd2 h4 38. Qc3 Qb8 39. Nf4 Qd6 40. Kc2 hxg3 41. hxg3 Nf5 42. Qe1 a5 43. Kb2 Qc7 44. Qf2 b5 45. g4 Nxd4 46. Nxd5 exd5 47. exd4 Qf4 48. Kc2 b4 49. Kd3 Qc1 50. Ke2 Qa1 51. Ke3 g5 52. Qd2 f5 53. Qc2 Qe1+ 54. Kd3 fxg4 55. Qc7+ Kg6 56. Qd6+ Kh5 57. fxg4+ Kxg4 58. Qxd5 Qf1+ 59. Ke3 Qf4+ 60. Kd3 Qf5+ 61. Qe4+ Qf4 62. d5 Kg3 63. Qxf4+ gxf4 64. d6 f3 65. d7 f2 66. d8=Q f1=Q+ 67. Kc2 Qe2+ 68. Kb1 Qe1+ 69. Kb2 Qe2+ 70. Kb1 Qe1+ 71. Kb2 Qe2+ 1/2-1/2

[Event "Torneo GM - A2"]
[Site "Marianske Lazne CEC"]
[Date "2007.01.20"]
[Round "2"]
[White "Kristjansson, Stefan"]
[Black "Sveshnikov, Evgeny"]
[Result "1/2-1/2"]
[WhiteElo "2476"]
[BlackElo "2506"]
[PlyCount "41"]
[EventDate "2007.01.19"]
[Source "www.chesslib.no"]
[SourceDate "2004.05.04"]

1. d4 d5 2. Bf4 c5 3. e3 Nc6 4. c3 Qb6 5. Qb3 c4 6. Qc2 Bf5 7. Qxf5 Qxb2 8. Qxd5 Qxa1 9. Qb5 a6 10. Qxb7 Nd8 11. Qxa8 Qxb1+ 12. Ke2 e5 13. Bxe5 Qd3+ 14. Kf3 Qxf1 15. Bc7 Be7 16. Bxd8 Bxd8 17. Qc8 Ke7 18. Qc5+ Ke8 19. Qc6+ Kf8 20. Qd6+ Ke8 21. Qc6+ 1/2-1/2

[Event "Ischia Open"]
[Site "Ischia ITA"]
[Date "1994.??.??"]
[Round "?"]
[White "Meduna, Eduard"]
[Black "Mikhalchishin, Adrian B"]
[Result "1-0"]
[WhiteElo "2450"]
[BlackElo "2530"]
[PlyCount "87"]
[EventDate "1994.??.??"]
[Source "www.chesslib.no"]
[SourceDate "2004.05.04"]

1. d4 d5 2. Bf4 c5 3. e3 Nc6 4. c3 Qb6 5. Qb3 c4 6. Qc2 g6 7. Nd2 Nf6 8. b3 Bf5 9. Qb2 Bg7 10. Ngf3 O-O 11. Be2 Nd7 12. O-O Rac8 13. Qa3 e5 14. Bg3 exd4 15. exd4 Rfe8 16. Rfe1 Bf8 17. Qb2 Nb4 18. Rac1 Rxe2 19. Rxe2 Nd3 20. Qb1 Nxc1 21. Qxc1 cxb3 22. axb3 Qa5 23. c4 Bb4 24. h3 Nf6 25. Be5 Nd7 26. Nf1 Bd3 27. Rd2 dxc4 28. Rxd3 b5 29. Rd1 Qa6 30. bxc4 bxc4 31. Ne3 c3 32. Nc2 Bf8 33. d5 Qe2 34. Bd4 a5 35. Ne3 a4 36. Bxc3 a3 37. Nd4 Qa6 38. Nc6 Nc5 39. Ng4 Ne4 40. Ba1 h5 41. Re1 hxg4 42. Rxe4 Qb7 43. Qc3 f6 44. Re1 1-0

[Event "Warsaw"]
[Site "?"]
[Date "2005.06.25"]
[Round "7"]
[White "Winants Luc"]
[Black "Haznedaroglu Kivanc"]
[Result "1-0"]
[WhiteElo "2535"]
[BlackElo "2440"]
[PlyCount "97"]
[EventDate "2005.??.??"]
[Source "www.chesslib.no"]
[SourceDate "2004.05.04"]

1. d4 d5 2. Bf4 c6 3. e3 Qb6 4. b3 Bf5 5. Bd3 Bxd3 6. Qxd3 Nf6 7. Nf3 e6 8. O-O Be7 9. c4 Qa6 10. Nbd2 O-O 11. e4 dxe4 12. Nxe4 Nxe4 13. Qxe4 Nd7 14. Qe2 Rfe8 15. Rad1 Rad8 16. h4 b5 17. Rc1 Nb6 18. Bg5 Bxg5 19. hxg5 bxc4 20. bxc4 c5 21. dxc5 Nd7 22. Rfd1 Nxc5 23. Ne5 Qb7 24. Rxd8 Rxd8 25. Rd1 Rf8 26. Qe3 Qc7 27. g3 f6 28. gxf6 Rxf6 29. Nf3 h6 30. Nd4 Qd7 31. Rd2 Qa4 32. Nb3 Na6 33. Rd8+ Kh7 34. Qe4+ Rg6 35. Qa8 Rg5 36. Rh8+ Kg6 37. Qe4+ Kf7 38. Nd4 Nc5 39. Qf4+ Kg6 40. Nf3 Qd1+ 41. Kg2 Nd3 42. Qe4+ Kf6 43. Rf8+ Ke7 44. Qa8 Kd6 45. Rd8+ Ke7 46. Re8+ Kd6 47. Qd8+ Kc6 48. Rxe6+ Kc5 49. Qa5+ 1-0

[Event "Oslo Open"]
[Site "Oslo NOR"]
[Date "1994.??.??"]
[Round "3"]
[White "Lyrberg, Patrik"]
[Black "Serper, Grigory"]
[Result "0-1"]
[WhiteElo "2415"]
[BlackElo "2560"]
[PlyCount "46"]
[EventDate "1994.03.??"]
[Source "www.chesslib.no"]
[SourceDate "2004.05.04"]

1. d4 d5 2. Bf4 c5 3. Nc3 Nc6 4. e3 cxd4 5. exd4 Bf5 6. Nf3 e6 7. Ne5 Nge7 8. Nb5 Rc8 9. c3 a6 10. Nc4 dxc4 11. Nd6+ Kd7 12. Nxf7 Qe8 13. Nd6 Qg6 14. Bg3 Nd5 15. Nxc8 Ncb4 16. Bxc4 Nc2+ 17. Kd2 Nxa1 18. Qe1 Qh6+ 19. Kd1 Bg4+ 20. f3 Ne3+ 21. Ke2 Nxc4 22. Kf2 Kxc8 23. Qe2 Qd2 0-1

[Event "8th Open"]
[Site "Voronezh"]
[Date "2004.06.14"]
[Round "3"]
[White "Dmitriev, Igor"]
[Black "Burmakin, Vladimir"]
[Result "0-1"]
[WhiteElo "2404"]
[BlackElo "2571"]
[PlyCount "52"]
[EventDate "2004.06.12"]
[Source "Roberto Alvarez"]
[SourceDate "2004.07.05"]

1. d4 d5 2. Bf4 c6 3. c3 Bf5 4. Nd2 Nf6 5. Qb3 Qb6 6. f3 Nbd7 7. g4 Bg6 8. h4 h6 9. Nh3 e6 10. h5 Bh7 11. e3 c5 12. Kf2 c4 13. Qxb6 axb6 14. e4 b5 15. exd5 Nxd5 16. Bg3 N7b6 17. Nf4 Na4 18. b3 Naxc3 19. bxc4 Nb4 20. c5 Nc2 21. Rc1 Rxa2 22. Bd3 Bxd3 23. Nxd3 Be7 24. Be5 f6 25. Bf4 Nd5 26. Rhd1 Kf7 0-1

[Event "XVII Magistral"]
[Site "Elgoibar ESP"]
[Date "2007.12.15"]
[Round "8"]
[White "Prie, E."]
[Black "Huerga Leache, M."]
[Result "0-1"]
[WhiteElo "2532"]
[BlackElo "2440"]
[PlyCount "96"]
[EventDate "2007.12.10"]
[Source "www.chesslib.no"]
[SourceDate "2004.05.04"]

1. d4 d5 2. Bf4 c5 3. e3 Nc6 4. c3 Qb6 5. Qb3 c4 6. Qc2 Nf6 7. Nd2 Bg4 8. Be2 Bh5 9. Bxh5 Nxh5 10. Be5 e6 11. Ne2 Be7 12. Nf3 O-O 13. Ng3 Nf6 14. Bxf6 Bxf6 15. e4 Qd8 16. O-O b5 17. Rfe1 g6 18. Nf1 Rb8 19. Ne3 b4 20. h4 Qd7 21. h5 Rb5 22. e5 Bg7 23. Ng4 Qe7 24. h6 Bh8 25. Qd2 a5 26. b3 Rc8 27. bxc4 dxc4 28. Rac1 Na7 29. Qe2 Rbb8 30. Ne3 Nb5 31. cxb4 axb4 32. Rxc4 Nc3 33. Qc2 Qa7 34. a3 Qxa3 35. Rxc8+ Rxc8 36. Ng4 b3 37. Qd3 b2 38. Nd2 Qa1 39. Rf1 Nd5 40. Qb5 Qc1 41. Ne4 Nf4 42. Nc5 Ra8 43. Kh2 Nd5 44. Na4 Qf4+ 45. Kh3 Qxd4 46. Nxb2 Bxe5 47. Nc4 Qd3+ 48. Nge3 Nxe3 0-1

[Event "Budapest HUN"]
[Site "?"]
[Date "2005.12.15"]
[Round "11"]
[White "Gonda Laszlo"]
[Black "Erdos Viktor"]
[Result "1/2-1/2"]
[WhiteElo "2448"]
[BlackElo "2522"]
[PlyCount "27"]
[EventDate "2005.??.??"]
[Source "www.chesslib.no"]
[SourceDate "2004.05.04"]

1. d4 d5 2. Bf4 Nf6 3. e3 c5 4. c3 Nc6 5. Nd2 cxd4 6. exd4 Bf5 7. Ngf3 e6 8. Qb3 Qc8 9. Nh4 Bg6 10. Nxg6 hxg6 11. h3 Be7 12. Bd3 a6 13. a4 Nh5 14. Bh2 1/2-1/2

[Event "Mislata Open 2nd"]
[Site "Mislata"]
[Date "1993.??.??"]
[Round "9"]
[White "Kovacevic, Slobodan"]
[Black "Garcia, Gildardo"]
[Result "1/2-1/2"]
[WhiteElo "2435"]
[BlackElo "2520"]
[PlyCount "116"]
[EventDate "1993.08.??"]
[Source "www.chesslib.no"]
[SourceDate "2004.05.04"]

1. d4 d5 2. Bf4 Nf6 3. e3 c5 4. c3 Nc6 5. Nd2 Qb6 6. Qb3 Bf5 7. dxc5 Qxb3 8. axb3 e5 9. Bg3 Bxc5 10. Ngf3 d4 11. b4 dxe3 12. fxe3 Bb6 13. Nc4 O-O 14. b5 Ne7 15. Bxe5 Ned5 16. Nd4 Bg6 17. Bxf6 Nxf6 18. Be2 Rae8 19. Bf3 Re7 20. Kf2 h5 21. Nxb6 axb6 22. Ra7 Ng4+ 23. Bxg4 hxg4 24. Rd1 Rfe8 25. Rd2 Be4 26. Ne2 Re5 27. c4 f5 28. b3 g5 29. Nc3 f4 30. exf4 gxf4 31. Nxe4 Rxe4 32. h3 gxh3 33. gxh3 Re3 34. Rxb7 Rxh3 35. Rdd7 Ra8 36. Ra7 Re8 37. Rg7+ Kh8 38. Rae7 Ra8 39. Ra7 Re8 40. Rgf7 Rxb3 41. Rh7+ Kg8 42. Rag7+ Kf8 43. Rb7 Kg8 44. Rhg7+ Kh8 45. Rge7 Rxe7 46. Rxe7 Kg8 47. Re4 Kf7 48. Rxf4+ Ke6 49. Ke2 Kd6 50. Rf6+ Kc5 51. Rc6+ Kd4 52. Kd2 Rb2+ 53. Kc1 Rb4 54. Kd2 Rxc4 55. Rxb6 Rb4 56. Rb8 Kc5 57. b6 Rxb6 58. Rxb6 Kxb6 1/2-1/2

[Event "Tch (Men) 2005/2006 NED"]
[Site "?"]
[Date "2005.11.05"]
[Round "3"]
[White "Winants Luc"]
[Black "Lemmers Oscar"]
[Result "1/2-1/2"]
[WhiteElo "2529"]
[BlackElo "2425"]
[PlyCount "99"]
[EventDate "2005.??.??"]
[Source "www.chesslib.no"]
[SourceDate "2004.05.04"]

1. d4 d5 2. Bf4 c6 3. e3 Qb6 4. b3 Bf5 5. Bd3 Bxd3 6. Qxd3 Nf6 7. Nf3 e6 8. O-O Nbd7 9. c4 Qa6 10. Nbd2 Be7 11. e4 dxe4 12. Nxe4 Nxe4 13. Qxe4 O-O 14. Qe2 Rfe8 15. Rac1 Qa5 16. Rfd1 Qf5 17. Bg3 Nf6 18. Ne5 Qe4 19. Qb2 Rad8 20. f3 Qf5 21. Bf2 Nd7 22. g4 Qf6 23. Qe2 Bd6 24. Bg3 Nxe5 25. dxe5 Bc5+ 26. Kg2 Qe7 27. Rc3 Rxd1 28. Qxd1 Rd8 29. Rd3 Bb6 30. Rxd8+ Qxd8 31. Qxd8+ Bxd8 32. f4 f5 33. exf6 gxf6 34. f5 exf5 35. gxf5 Ba5 36. Kf3 Kf7 37. Bf2 a6 38. Bd4 Bc7 39. h3 Bd6 40. Ke4 Ke7 41. Bc3 Kf7 42. a4 Be7 43. b4 Ke8 44. b5 Kd7 45. bxa6 bxa6 46. Bd4 Bd8 47. Bc3 Kd6 48. Bb4+ Kd7 49. Bc5 Bc7 50. Bd4 1/2-1/2

[Event "Zlatibor"]
[Site "?"]
[Date "2006.08.31"]
[Round "6"]
[White "Sedlak Nikola"]
[Black "Kostic Vladimir"]
[Result "1-0"]
[WhiteElo "2519"]
[BlackElo "2433"]
[PlyCount "257"]
[EventDate "2006.??.??"]
[Source "www.chesslib.no"]
[SourceDate "2004.05.04"]

1. d4 d5 2. Bf4 Nc6 3. e3 Bf5 4. Bb5 e6 5. c4 Bb4+ 6. Nc3 Nge7 7. c5 O-O 8. Nf3 Bg4 9. Be2 Bxf3 10. Bxf3 Ng6 11. Bg3 Nh4 12. Bxh4 Bxc3+ 13. bxc3 Qxh4 14. Qa4 Ne5 15. Be2 b6 16. O-O bxc5 17. Qa5 cxd4 18. cxd4 Ng4 19. Qxc7 Nf6 20. Ba6 Ne4 21. a4 Rab8 22. Ra2 Qd8 23. Qxd8 Rfxd8 24. Rc1 Rb3 25. a5 g5 26. g4 Rdb8 27. Bf1 Rb1 28. Rxb1 Rxb1 29. Rc2 a6 30. f3 Nd6 31. Kf2 Ra1 32. Rc6 Ra2+ 33. Kg3 Nb7 34. Rb6 Nxa5 35. Rxa6 h6 36. Bb5 Kf8 37. h4 Ra1 38. h5 Ke7 39. Ra7+ Kf8 40. Ra8+ Kg7 41. Ra7 Kf8 42. Ra6 Ke7 43. Kf2 Ra2+ 44. Ke1 Ra3 45. Ke2 Ra2+ 46. Kd1 Ra3 47. e4 dxe4 48. fxe4 Re3 49. Ra7+ Kf8 50. d5 Rxe4 51. dxe6 fxe6 52. Rxa5 Rxg4 53. Ra8+ Kg7 54. Ra7+ Kg8 55. Be8 Rf4 56. Bg6 g4 57. Ra3 Kg7 58. Ke2 Kf6 59. Ra5 g3 60. Ra3 Rg4 61. Kf1 Kg5 62. Re3 Rf4+ 63. Kg2 Kh4 64. Rxe6 Rf2+ 65. Kg1 Ra2 66. Re1 Kg5 67. Bf7 Rb2 68. Re6 Kh4 69. Re4+ Kg5 70. Be8 Rd2 71. Re6 Kh4 72. Re4+ Kg5 73. Rb4 Rc2 74. Ra4 Rb2 75. Rd4 Ra2 76. Rd5+ Kf4 77. Bb5 Kg4 78. Re5 Kh4 79. Be2 Kh3 80. Bf1+ Kh4 81. Bc4 Rc2 82. Bd3 Ra2 83. Be2 Kh3 84. Re3 Ra1+ 85. Bf1+ Kh4 86. Kg2 Kxh5 87. Rxg3 Kh4 88. Rg6 Kh5 89. Rg8 Kh4 90. Be2 h5 91. Kf2 Ra7 92. Rg1 Rb7 93. Bf3 Rb8 94. Be4 Rf8+ 95. Ke3 Rf6 96. Bf3 Re6+ 97. Kf4 Rf6+ 98. Ke4 Rf8 99. Rh1+ Kg3 100. Bxh5 Rf4+ 101. Ke5 Ra4 102. Bf7 Ra5+ 103. Bd5 Ra7 104. Rg1+ Kf2 105. Rg2+ Ke3 106. Rg3+ Kf2 107. Rh3 Ra5 108. Rc3 Rb5 109. Ke4 Rb4+ 110. Bc4 Ra4 111. Kf4 Ra8 112. Rc2+ Ke1 113. Bd3 Re8 114. Be4 Kd1 115. Rh2 Rc8 116. Ke5 Rb8 117. Bd3 Rb4 118. Kd5 Ke1 119. Bc4 Rb8 120. Kd4 Rd8+ 121. K 3 Re8 122. Bd3 Re7 123. Kd4 Re8 124. Be4 Kd1 125. Ke3 Kc1 126. Rc2+ Kd1 127. Rc7 Re5 128. Rh7 Kc1 129. Rb7 1-0

[Event "It (Open) New Delhi IND"]
[Site "?"]
[Date "2006.01.17"]
[Round "5.5"]
[White "Chernyshov Konstantin"]
[Black "Himanshu Sharma"]
[Result "0-1"]
[WhiteElo "2539"]
[BlackElo "2411"]
[PlyCount "122"]
[EventDate "2006.??.??"]
[Source "www.chesslib.no"]
[SourceDate "2004.05.04"]

1. d4 d5 2. Bf4 Nf6 3. e3 c5 4. Nc3 e6 5. Nf3 a6 6. Be2 Nc6 7. O-O Be7 8. Ne5 O-O 9. Nxc6 bxc6 10. Na4 cxd4 11. exd4 a5 12. Re1 Ba6 13. Bxa6 Rxa6 14. Re3 Ra7 15. Rb3 Qa8 16. Qe1 Nd7 17. Rg3 Re8 18. Qd2 Rb7 19. b3 Qa7 20. Re1 Bf6 21. c3 g6 22. Bd6 Qa8 23. Qe2 Be7 24. Bxe7 Rxe7 25. f4 Rb8 26. Qg4 Rbe8 27. Qh4 Qd8 28. Rge3 Nf8 29. Nc5 Ra7 30. Qg3 Qf6 31. Rf1 Kh8 32. Nd3 Rc8 33. a3 Nd7 34. b4 axb4 35. axb4 Qd8 36. Ne5 Nf6 37. Qg5 Qe7 38. Qh6 Ra6 39. Qh4 Rc7 40. Rh3 Nh5 41. Qe1 Nf6 42. g4 Kg8 43. f5 exf5 44. gxf5 Ne4 45. f6 Qe6 46. Qe3 Nxf6 47. Qh6 Rca7 48. Rhf3 Ra1 49. h3 Rxf1+ 50. Rxf1 Nh5 51. Rf3 f6 52. Kf1 Ra1+ 53. Kf2 Ra2+ 54. Kf1 Qe8 55. Kg1 fxe5 56. dxe5 Ra1+ 57. Kg2 Ra2+ 58. Kg1 Re2 59. Re3 Rc2 60. Rf3 Qa8 61. Qg5 Qa7+ 0-1

[Event "Süd"]
[Site "?"]
[Date "1998.??.??"]
[Round "?"]
[White "Schlindwein Rolf"]
[Black "Gyimesi Zoltan"]
[Result "0-1"]
[WhiteElo "2425"]
[BlackElo "2525"]
[PlyCount "100"]
[EventDate "1998.??.??"]
[Source "www.chesslib.no"]
[SourceDate "2004.05.04"]

1. d4 d5 2. Bf4 c6 3. e3 Qb6 4. b3 Bf5 5. Bd3 Bg6 6. Nf3 e6 7. O-O Nf6 8. Bxg6 hxg6 9. c4 Nbd7 10. Nc3 Bb4 11. Ne2 Qd8 12. Qd3 Ne4 13. cxd5 exd5 14. Ng3 Qe7 15. Ne5 g5 16. Nf5 Qf6 17. f3 Qxf5 18. fxe4 Qxe4 19. Qxe4 dxe4 20. Bxg5 Nxe5 21. dxe5 Bc3 22. Rac1 Bxe5 23. Bf4 Bf6 24. Rc4 O-O-O 25. Rxe4 Rd2 26. a4 Rhd8 27. g4 R8d3 28. b4 Kd7 29. g5 Be7 30. Bb8 Rd1 31. Bxa7 Bxg5 32. Bd4 f5 33. Re5 g6 34. Bb6 Be7 35. Ra5 Bxb4 36. Ra7 c5 37. Rxb7+ Kc6 38. Rb8 Rxf1+ 39. Kxf1 Rxe3 40. a5 Ra3 41. Rg8 Kd5 42. Rxg6 c4 43. Ke2 Ra2+ 44. Kf3 c3 45. Be3 c2 46. Rg2 Bc5 47. Bc1 Ba3 48. Rg1 Ra1 49. a6 Bxc1 50. a7 Ra3+ 0-1

[Event "CRO Team Ch"]
[Site "Makarska Tucepi"]
[Date "1995.??.??"]
[Round "?"]
[White "Klaric, Zlatko"]
[Black "Sermek, Drazen"]
[Result "0-1"]
[WhiteElo "2435"]
[BlackElo "2515"]
[PlyCount "126"]
[EventDate "1995.??.??"]
[Source "www.chesslib.no"]
[SourceDate "2004.05.04"]

1. d4 d5 2. Bf4 c5 3. e4 Nc6 4. exd5 Qxd5 5. Nc3 Qxd4 6. Nd5 e5 7. Nc7+ Kd8 8. Nxa8 exf4 9. Nf3 Qxd1+ 10. Rxd1+ Bd7 11. Bc4 Nh6 12. O-O Kc8 13. Rfe1 f6 14. c3 Be7 15. a3 Bg4 16. Be6+ Kb8 17. Rd7 Bxe6 18. Rxe6 Nf5 19. Nc7 Kc8 20. Rd5 Nd6 21. Rxc5 Kd7 22. Nd4 Nxd4 23. cxd4 Bd8 24. Rxd6+ Kxd6 25. Nb5+ Kd7 26. Rf5 Bb6 27. Rxf4 Rc8 28. Nc3 Rc4 29. Rg4 g6 30. Rh4 h5 31. Rf4 f5 32. Kf1 Rxd4 33. Rxd4+ Bxd4 34. Nd1 Ke6 35. Ke2 Kd5 36. Kd3 g5 37. Nc3+ Ke5 38. Nd1 g4 39. g3 Kd5 40. Ne3+ Ke5 41. b3 Bc5 42. a4 f4 43. Ng2 fxg3 44. fxg3 Bg1 45. Nf4 Bxh2 46. Nxh5 Kf5 47. Ng7+ Kf6 48. Ne8+ Ke5 49. Nc7 Bxg3 50. Nb5 Bf2 51. Ke2 Bd4 52. Kf1 a6 53. Na3 Ke4 54. Kg2 Be5 55. Nc4 Bc7 56. Nd2+ Kd3 57. Nc4 g3 58. Kf3 Kc3 59. Ne3 Kxb3 60. Nd5 Bd6 61. Nf6 Kxa4 62. Ne4 Bc7 63. Nc5+ Kb5 0-1

[Event "FRA-chT N2 2003/2004"]
[Site "FRA"]
[Date "2003.11.15"]
[Round "2.1"]
[White "Winants, Luc"]
[Black "Collas, Didier"]
[Result "1-0"]
[WhiteElo "2498"]
[BlackElo "2447"]
[PlyCount "69"]
[EventDate "2004.10.12"]
[Source "Roberto Alvarez"]
[SourceDate "2004.09.15"]

1. d4 d5 2. Bf4 c5 3. e4 dxe4 4. d5 Nf6 5. Nc3 a6 6. Qe2 Bf5 7. O-O-O Nbd7 8. h3 Qa5 9. g4 Bg6 10. Bg2 O-O-O 11. f3 Nb6 12. fxe4 Na4 13. Rd3 e6 14. Nxa4 Qxa4 15. Ra3 Qb4 16. Bd2 Qb5 17. c4 Qe8 18. e5 Nd7 19. d6 Nb8 20. Ba5 Nc6 21. Bxd8 Nd4 22. Qe3 Qxd8 23. Nf3 Qb6 24. Nxd4 cxd4 25. Qb3 Qa7 26. Qb4 f6 27. Qa5 b6 28. Qxa6+ Qxa6 29. Rxa6 fxe5 30. Rxb6 e4 31. Rd1 e5 32. c5 h5 33. g5 Kd7 34. Re1 e3 35. Bd5 1-0